000 00925nam0a22002771 4500
001 rc\527879
005 20030616165411.1
035 _a(NLR Aleph) 005766202
090 _a4988412
_c4988412
100 _a20030616d1987 u |0rusy50 ca
101 0 _arus
102 _aRU
105 _aa |||||||||
200 1 _aБетонная облицовка каналов
210 _aМ.
_cАгропромиздат
_d1987
215 _a182, [2] с.
_cил.
_d20
300 _aНа обл. авт. не указаны
320 _aБиблиогр.: с. 180-183 (58 назв.)
320 _aПрил. к журн. "Гидротехника и мелиорация"
700 1 _aРубин
_bВ. М.
_gВладимир Максович
701 1 _aШлаен
_bА. Г.
_gАркадий Григорьевич
801 0 _aRU
_bNLR
_gpsbo
801 1 _aRU
_bELAR
_2rusmarc
852 _aNLR
_j87-3/11150
942 _cBOOK
980 _aNB